Classic Novels by Plot #1 - Statistics

General Stats
  • This quiz has been taken 73,911 times
  • The average score is 10 of 18
Answer Stats
Plot Book % Correct
Sea captain seeks revenge against white whale Moby-Dick
96%
Mad scientist constructs a monster and brings him to life Frankenstein
90%
Animals overthrow the farmer only to establish their own tyranny Animal Farm
85%
Schoolboys are stranded on an island and quickly start behaving like savages Lord of the Flies
81%
Lawyer defends a falsely accused man in Jim Crow Alabama To Kill a Mockingbird
72%
19th century English woman bags a rich bachelor, but almost doesn't because of her tendency towards premature judgments Pride and Prejudice
71%
Adultress wears an A on her clothing The Scarlet Letter
60%
Boy embarks on a quest for a pirate's buried treasure Treasure Island
57%
Literature professor embarks on an icky sexual relationship with his 12 year old stepdaughter Lolita
56%
Man is stranded on an island for many years. He gets a sidekick after rescuing him from cannibals, and eventually returns home. Robinson Crusoe
49%
Oklahoma sharecroppers seek a better life in California, but don't find it The Grapes of Wrath
44%
If you're insane, then you can get out of the army. Unfortunately, wanting to get out proves that you're sane. Catch 22
39%
Man wakes up one day to find that he has become a giant insect The Metamorphosis
39%
Escaped French criminal establishes a new life as an upright citizen, but is hounded by a merciless police investigator Les Miserables
37%
In the future, we'll have a strict caste system and a wonderful drug called soma Brave New World
33%
Man kills a pawn broker with an axe, is convicted, and sent to Siberia Crime and Punishment
33%
River boat captain meets an ivory trader who has gone savage in deepest Africa Heart of Darkness
32%
Two fast-living beatniks take road trips across America On the Road
30%
No matching quizzes found
Score Distribution
Percent of People with Each Score
Percentile by Number Answered
Your Score History
You have not taken this quiz